| 000 | 00741nam a2200265Ia 4500 | ||
|---|---|---|---|
| 005 | 20260302115134.0 | ||
| 008 | 008 260114s9999 xx 000 0 eng d | ||
| 020 | _a9781611496895 | ||
| 037 | _aTextbook | ||
| 040 | _aCRL | ||
| 040 | _beng | ||
| 040 | _cCRL | ||
| 041 | _2eng | ||
| 041 | _aeng | ||
| 084 | _qCRL | ||
| 100 |
_aLisa B. Kröger & Melanie Anderson _91120810 |
||
| 245 | 4 | _aThe Ghostly and the Ghosted in Literature and Film Spectral Identities | |
| 260 | _bBloomsbury | ||
| 260 | _bUniversity of Delaware Press | ||
| 260 | _c2013 | ||
| 650 | _aLiterary Studies | ||
| 856 | _uhttps://doi.org/10.5040/9781611496895?locatt=label:secondary_bloomsburyCollections | ||
| 942 | _cEBOOK | ||
| 999 |
_c1685101 _d1685101 |
||